Statistics for Pairs #28

Click here to take the quiz!

General Stats

  • This quiz has been taken 61 times
  • The average score is 18 of 25

Answer Stats

HintAnswer% Correct
HorseCarriage
87%
CommandControl
87%
ChickenEgg
87%
HootHoller
87%
HouseHome
87%
WordsPhrases
87%
Big enoughUgly enough
85%
SoapWater
85%
SlowSteady
83%
FunGames
80%
SmashGrab
80%
SnakesLadders
78%
TriedTrue
78%
BloodGuts
76%
HotHeavy
76%
BlockTackle
74%
TuckRoll
70%
BitsBats
65%
BobWeave
65%
HorseshoesHand grenades
63%
ChopDrop
61%
BlackTan
61%
ChipsCheese
59%
ChipPIN
48%
SmokeJoke
39%

Score Distribution

Percentile by Number Answered

Percent of People with Each Score

Your Score History

You have not taken this quiz